LEADER 02385nas 2200757- 450 001 9910135464403321 005 20190925061052.6 011 $a1871-6873 035 $a(OCoLC)60622805 035 $a(CKB)110985821000927 035 $a(CONSER)--2018207114 035 $a(DE-599)ZDB2091922-0 035 $a(MiAaPQ)326281 035 $a(EXLCZ)99110985821000927 100 $a20050614a19929999 --- - 101 0 $aeng 135 $aurun||||||||| 181 $ctxt$2rdacontent 182 $cc$2rdamedia 183 $acr$2rdacarrier 200 00$aMaterials and structures 210 1$aLondon :$cE. & F.N. Spon,$d1992- 210 31$aDordrecht, the Netherlands :$cSpringer 215 $a1 online resource 300 $aRefereed/Peer-reviewed 311 $a1359-5997 606 $aDwellings$xRemodeling$vAmateurs' manuals 606 $aMaterials$xTesting$vPeriodicals 606 $aConcrete$xTesting$vPeriodicals 606 $aTesting laboratories$vPeriodicals 606 $aConcrete$xTesting$2fast$3(OCoLC)fst00874220 606 $aDwellings$xRemodeling$2fast$3(OCoLC)fst00900158 606 $aMaterials$xTesting$2fast$3(OCoLC)fst01011882 606 $aTesting laboratories$2fast$3(OCoLC)fst01148251 608 $aHandbooks and manuals.$2fast 608 $aPeriodicals.$2fast 610 00$amaterialen 610 00$amaterials 610 00$abeton 610 00$aconcrete 610 00$afractals 610 00$areologische eigenschappen 610 00$arheological properties 610 00$atreksterkte 610 00$atensile strength 610 00$afysische eigenschappen 610 00$aphysical properties 610 00$aengineering 610 10$aPhysics (General) 610 20$aMechanical and Electronic Engineering 610 10$aFysica (algemeen) 610 20$aWerktuigbouwkunde en elektrotechniek 615 0$aDwellings$xRemodeling 615 0$aMaterials$xTesting 615 0$aConcrete$xTesting 615 0$aTesting laboratories 615 7$aConcrete$xTesting. 615 7$aDwellings$xRemodeling. 615 7$aMaterials$xTesting. 615 7$aTesting laboratories. 676 $a620.1/1 712 02$aInternational Union of Testing and Research Laboratories for Materials and Structures. 906 $aJOURNAL 912 $a9910135464403321 996 $aMaterials and structures$9746378 997 $aUNINA LEADER 00976nam a22002413i 4500 001 991000242639707536 005 20020926135119.0 008 020926s1972 it |||||||||||||||||ita 035 $ab11978752-39ule_inst 035 $aARCHE-006855$9ExL 040 $aDip.to Filologia Ling. e Lett.$bita$cA.t.i. Arché s.c.r.l. Pandora Sicilia s.r.l. 082 04$a854.91 100 1 $aContini, Gianfranco$d<1912-1990>$0152595 245 10$aAltri esercizi :$b1942-1971 /$cGianfranco Contini 260 $aTorino :$bEinaudi,$c1972 300 $aVIII, 403 p. ;$c22 cm 907 $a.b11978752$b02-04-14$c01-04-03 912 $a991000242639707536 945 $aLE008 FL.M. V B 18$g1$i2008000139605$lle008$o-$pE0.00$q-$rl$s- $t0$u0$v0$w0$x0$y.i12259639$z01-04-03 945 $aLE008 Cr E III 40$g2$i2008000211868$lle008$o-$pE0.00$q-$rl$s- $t0$u1$v0$w1$x0$y.i12259640$z01-04-03 996 $aAltri esercizi$9100903 997 $aUNISALENTO 998 $ale008$b01-04-03$cm$da $e-$fita$git $h0$i2